| 000 | 00567nam a2200169 a 4500 | ||
|---|---|---|---|
| 001 | 000029001 | ||
| 005 | 20200930055253.0 | ||
| 008 | 110413s1988 dr 000 0 spa d | ||
| 040 |
_aDO-SdBNP _bspa _cBNPHU |
||
| 100 | 1 |
_aBatista, José _953524 |
|
| 245 | 1 | 3 |
_aLa crisis económica en República Dominicana. / _cJosé Batista, Alberto Cruz. |
| 260 |
_aSanto Domingo : _bCOOPNAMA, _c1988 _fEditorial Gente |
||
| 300 |
_a16 p. ; _c21 cm. |
||
| 700 | 1 |
_aCruz, Alberto _955924 |
|
| 710 | 2 |
_aCooperativa Nacional de Servicios Multiple de los Maestros _955925 |
|
| 049 | _aBNPD | ||
| 999 |
_c28493 _d28493 |
||